[Event "Stay Safe Play From Home slow tournament"]
[Site "Emanuel Lasker Arena"]
[Date "2020.08.29"]
[Round "3"]
[White "Aadi3110theking"]
[Black "Ghilea75"]
[Result "0-1"]
[WhiteElo "2086"]
[BlackElo "2009"]
[Annotator "NA"]
[PlyCount "64"]
[EventDate "2020.08.29"]
[EventType "swiss (rapid)"]

1. Nf3 {[%emt 0:00:09]} Nf6 {[%emt 0:00:06]} 2. c4 {[%emt 0:00:27]} c5 {[%emt 0:00:07]} 3. g3 {[%emt 0:00:06]} g6 {[%emt 0:00:23]} 4. Bg2 {[%emt 0:00:08]} Bg7 {[%emt 0:00:03]} 5. O-O {[%emt 0:00:07]} O-O {[%emt 0:00:03]} 6. Nc3 {[%emt 0:00:08]} Nc6 {[%emt 0:00:04]} 7. b3 {[%emt 0:00:05]} d5 {[%emt 0:00:31]} 8. e3 {[%emt 0:00:14]} d4 {[%emt 0:00:18]} 9. exd4 {[%emt 0:00:06]} cxd4 {[%emt 0:00:05]} 10. Ne2 {[%emt 0:00:21]} e5 {[%emt 0:02:11]} 11. d3 {[%emt 0:00:06]} Re8 {[%emt 0:00:20]} 12. Nd2 {[%emt 0:00:07]} Nb4 {[%emt 0:00:23]} 13. Nf3 {[%emt 0:00:32]} Bf5 {[%emt 0:00:15]} 14. Ne1 {[%emt 0:00:21]} Qd7 {[%emt 0:00:26]} 15. a3 {[%emt 0:00:09]} Nc6 {[%emt 0:00:03]} 16. Bg5 {[%emt 0:00:25]} Bh3 {[%emt 0:00:17]} 17. Bxf6 {[%emt 0:00:32]} Bxg2 {[%emt 0:00:20]} 18. Nxg2 {[%emt 0:00:29]} Bxf6 {[%emt 0:00:04]} 19. b4 {[%emt 0:00:11]} e4 {[%emt 0:00:52]} 20. Ngf4 {[%emt 0:00:19]} exd3 {[%emt 0:00:37]} 21. Nc1 {[%emt 0:00:22]} Ne5 {[%emt 0:00:19]} 22. Ncxd3 {[%emt 0:00:12]} Nxc4 {[%emt 0:00:17]} 23. Nc5 {[%emt 0:01:11]} Qc6 {[%emt 0:00:47]} 24. Nfd3 {[%emt 0:01:41]} b6 {[%emt 0:00:35]} 25. Nb3 {[%emt 0:00:47]} Rad8 {[%emt 0:00:07]} 26. Rb1 {[%emt 0:00:17] Aadi3110theking offers a draw Aadi3110theking offers a draw Aadi3110theking offers a draw} Nxa3 {[%emt 0:00:24]} 27. Ra1 {[%emt 0:00:13]} Nb5 {[%emt 0:00:05]} 28. Rc1 {[%emt 0:02:44]} Nc3 {[%emt 0:00:06]} 29. Qd2 {[%emt 0:00:07]} Qd5 {[%emt 0:00:07]} 30. Nf4 {[%emt 0:01:57]} Qxb3 {[%emt 0:00:08]} 31. h4 {[%emt 0:02:00]} Be5 {[%emt 0:00:16]} 32. Nd3 {[%emt 0:00:50]} Qa2 {[%emt 0:00:10] Time Time Time (Lag: Av=1.65s, max=2.9s) (Lag: Av=1.65s, max=2.9s) (Lag: Av=1.65s, max=2.9s) . . .} 0-1

[Event "Stay Safe Play From Home slow tournament"]
[Site "Emanuel Lasker Arena"]
[Date "2020.08.29"]
[Round "3"]
[White "Kongle"]
[Black "B1b"]
[Result "0-1"]
[WhiteElo "1972"]
[BlackElo "2000"]
[Annotator "NA"]
[PlyCount "96"]
[EventDate "2020.08.29"]
[EventType "swiss (rapid)"]
[TimeControl "900+5"]

1. d4 {[%emt 0:00:02]} d5 {[%emt 0:00:27]} 2. c4 {[%emt 0:00:17]} e6 {[%emt 0:00:02]} 3. Nc3 {[%emt 0:00:03]} Nf6 {[%emt 0:00:02]} 4. Nf3 {[%emt 0:00:09]} Be7 {[%emt 0:00:02]} 5. e3 {[%emt 0:00:04]} O-O {[%emt 0:00:08]} 6. Bd3 {[%emt 0:00:03]} b6 {[%emt 0:00:05]} 7. cxd5 {[%emt 0:00:05]} exd5 {[%emt 0:00:00]} 8. O-O {[%emt 0:00:02]} Nbd7 {[%emt 0:00:39]} 9. Bd2 {[%emt 0:00:22]} Re8 {[%emt 0:00:10]} 10. Rc1 {[%emt 0:00:14]} c6 {[%emt 0:00:02]} 11. a3 {[%emt 0:00:58]} Bd6 {[%emt 0:00:09]} 12. Qc2 {[%emt 0:00:45]} Nf8 {[%emt 0:00:08]} 13. h3 {[%emt 0:00:48]} Ng6 {[%emt 0:00:15]} 14. b4 {[%emt 0:00:17]} Bd7 {[%emt 0:00:24]} 15. Qb3 {[%emt 0:02:01]} Ne4 {[%emt 0:00:31]} 16. Rfd1 {[%emt 0:00:07]} Nh4 {[%emt 0:01:46]} 17. Be2 {[%emt 0:02:59]} Nxf3+ {[%emt 0:00:43]} 18. Bxf3 {[%emt 0:00:03]} Qh4 {[%emt 0:00:09]} 19. Bxe4 {[%emt 0:02:14]} dxe4 {[%emt 0:00:05]} 20. Ne2 {[%emt 0:00:48]} g5 {[%emt 0:01:21]} 21. Ng3 {[%emt 0:00:36]} Bxg3 {[%emt 0:00:07]} 22. fxg3 {[%emt 0:00:03]} Qxg3 {[%emt 0:00:09]} 23. Be1 {[%emt 0:00:01]} Qd6 {[%emt 0:00:24]} 24. d5 {[%emt 0:00:15]} c5 {[%emt 0:01:02]} 25. bxc5 {[%emt 0:00:14]} bxc5 {[%emt 0:00:03]} 26. Qc4 {[%emt 0:00:26]} Rac8 {[%emt 0:00:15]} 27. Rd2 {[%emt 0:00:03]} g4 {[%emt 0:00:32]} 28. hxg4 {[%emt 0:00:13]} Bxg4 {[%emt 0:00:05]} 29. Rf2 {[%emt 0:00:18]} Re5 {[%emt 0:00:48]} 30. Rf4 {[%emt 0:00:31]} h5 {[%emt 0:00:28]} 31. Bc3 {[%emt 0:00:38]} Rxd5 {[%emt 0:00:26]} 32. Rcf1 {[%emt 0:00:03]} f5 {[%emt 0:01:35]} 33. Ba1 {[%emt 0:00:36]} Kh7 {[%emt 0:00:47]} 34. Qc3 {[%emt 0:00:21]} Rg8 {[%emt 0:00:22]} 35. Rxe4 {[%emt 0:01:08]} Rd3 {[%emt 0:02:06]} 36. Qc4 {[%emt 0:00:09]} fxe4 {[%emt 0:00:14]} 37. Qf7+ {[%emt 0:00:03]} Kh6 {[%emt 0:00:11]} 38. Rf6+ {[%emt 0:00:02]} Qxf6 {[%emt 0:00:05]} 39. Qxf6+ {[%emt 0:00:02]} Rg6 {[%emt 0:00:01]} 40. Qf4+ {[%emt 0:00:03]} Kh7 {[%emt 0:00:04]} 41. Qf7+ {[%emt 0:00:05]} Kh6 {[%emt 0:00:03]} 42. Qf8+ {[%emt 0:00:05]} Kg5 {[%emt 0:00:37]} 43. Be5 {[%emt 0:00:13]} Rd1+ {[%emt 0:00:09]} 44. Kh2 {[%emt 0:00:02]} Bf5 {[%emt 0:00:07]} 45. Bf4+ {[%emt 0:00:03]} Kg4 {[%emt 0:00:05]} 46. Qe7 {[%emt 0:00:14]} h4 {[%emt 0:00:12]} 47. Qc7 {[%emt 0:00:07]} Rd2 {[%emt 0:00:11]} 48. Qxa7 {[%emt 0:00:04]} h3 {[%emt 0:00:01] Time (Lag: Av=0.95s, max=4.0s)} 0-1

[Event "Stay Safe Play From Home slow tournament"]
[Site "Emanuel Lasker Arena"]
[Date "2020.08.29"]
[Round "3"]
[White "MartinKestler"]
[Black "Sadbat1122"]
[Result "1-0"]
[WhiteElo "1972"]
[BlackElo "1893"]
[Annotator "NA"]
[PlyCount "153"]
[EventDate "2020.08.29"]
[EventType "swiss (rapid)"]

1. Nf3 {[%emt 0:00:04]} b6 {[%emt 0:00:06]} 2. d4 {[%emt 0:00:14]} Bb7 {[%emt 0:00:04]} 3. Nbd2 {[%emt 0:00:01]} g6 {[%emt 0:00:04]} 4. g3 {[%emt 0:00:06]} Bg7 {[%emt 0:00:02]} 5. e4 {[%emt 0:00:23]} d6 {[%emt 0:00:04]} 6. Bg2 {[%emt 0:00:02]} Nd7 {[%emt 0:00:06]} 7. O-O {[%emt 0:00:03]} Ngf6 {[%emt 0:00:03]} 8. Re1 {[%emt 0:00:03]} e5 {[%emt 0:00:11]} 9. dxe5 {[%emt 0:00:25]} dxe5 {[%emt 0:00:02]} 10. b3 {[%emt 0:00:31]} Qe7 {[%emt 0:00:06]} 11. Bb2 {[%emt 0:00:12]} O-O-O {[%emt 0:00:03]} 12. a4 {[%emt 0:00:20]} a5 {[%emt 0:00:13]} 13. Bh3 {[%emt 0:00:06]} Kb8 {[%emt 0:00:04]} 14. Ba3 {[%emt 0:00:15]} c5 {[%emt 0:00:24]} 15. Qe2 {[%emt 0:00:24]} Ka7 {[%emt 0:00:16]} 16. Qe3 {[%emt 0:00:40]} h5 {[%emt 0:00:45]} 17. c3 {[%emt 0:00:48]} Bh6 {[%emt 0:00:23]} 18. Qe2 {[%emt 0:00:09]} Ba6 {[%emt 0:00:06]} 19. Nc4 {[%emt 0:00:13]} Ng4 {[%emt 0:00:15]} 20. Red1 {[%emt 0:00:55]} Nb8 {[%emt 0:00:21]} 21. Bxg4 {[%emt 0:00:30]} hxg4 {[%emt 0:00:05]} 22. Nfxe5 {[%emt 0:00:17]} Qxe5 {[%emt 0:00:15]} 23. Nxe5 {[%emt 0:00:00]} Bxe2 {[%emt 0:00:03]} 24. Rxd8 {[%emt 0:00:02]} Rxd8 {[%emt 0:00:07]} 25. Nxf7 {[%emt 0:00:01]} Rd3 {[%emt 0:01:28]} 26. Nxh6 {[%emt 0:00:10]} Rxc3 {[%emt 0:00:02]} 27. e5 {[%emt 0:00:26]} Nc6 {[%emt 0:00:10]} 28. e6 {[%emt 0:00:10]} Bf3 {[%emt 0:00:24]} 29. Ng8 {[%emt 0:00:16]} Bd5 {[%emt 0:00:49]} 30. e7 {[%emt 0:00:04]} Bf7 {[%emt 0:00:09]} 31. Nh6 {[%emt 0:00:18]} Be8 {[%emt 0:00:07]} 32. Nxg4 {[%emt 0:00:04]} Rf3 {[%emt 0:00:24]} 33. Bb2 {[%emt 0:00:54]} Rf7 {[%emt 0:00:19]} 34. Re1 {[%emt 0:00:14]} Rxe7 {[%emt 0:00:06]} 35. Rxe7+ {[%emt 0:00:09]} Nxe7 {[%emt 0:00:02]} 36. Ne3 {[%emt 0:00:55]} Bf7 {[%emt 0:00:09]} 37. Nc4 {[%emt 0:00:04]} Nc6 {[%emt 0:00:12]} 38. f4 {[%emt 0:00:32]} Ka6 {[%emt 0:00:08]} 39. h4 {[%emt 0:00:13]} b5 {[%emt 0:00:06]} 40. axb5+ {[%emt 0:00:00]} Kxb5 {[%emt 0:00:03]} 41. Nd6+ {[%emt 0:00:01]} Kb4 {[%emt 0:00:01]} 42. Nxf7 {[%emt 0:00:02]} Kxb3 {[%emt 0:00:01]} 43. Bf6 {[%emt 0:00:09]} c4 {[%emt 0:00:06]} 44. g4 {[%emt 0:01:05]} c3 {[%emt 0:00:04]} 45. Bxc3 {[%emt 0:00:36] Sadbat1122 offers a draw Sadbat1122 offers a draw Sadbat1122 offers a draw} Kxc3 {[%emt 0:00:04]} 46. h5 {[%emt 0:00:01]} gxh5 {[%emt 0:00:21]} 47. gxh5 {[%emt 0:00:00]} a4 {[%emt 0:00:20]} 48. h6 {[%emt 0:00:18]} Nd4 {[%emt 0:00:09]} 49. h7 {[%emt 0:00:15]} a3 {[%emt 0:00:26]} 50. h8=Q {[%emt 0:00:09]} a2 {[%emt 0:00:08]} 51. Qc8+ {[%emt 0:00:08]} Kb2 {[%emt 0:00:05]} 52. Qb8+ {[%emt 0:00:20]} Kc1 {[%emt 0:00:51]} 53. Qc7+ {[%emt 0:00:56]} Nc2 {[%emt 0:00:04]} 54. f5 {[%emt 0:00:19]} a1=Q {[%emt 0:00:09]} 55. Kh2 {[%emt 0:00:21]} Qd4 {[%emt 0:00:42] Sadbat1122 offers a draw Sadbat1122 offers a draw Sadbat1122 offers a draw} 56. Kg3 {[%emt 0:02:14]} Qg1+ {[%emt 0:01:45]} 57. Kh4 {[%emt 0:00:43]} Kd2 {[%emt 0:00:54]} 58. Ng5 {[%emt 0:00:13]} Qh1+ {[%emt 0:00:49]} 59. Nh3 {[%emt 0:00:18]} Qe4+ {[%emt 0:01:14]} 60. Qf4+ {[%emt 0:00:02]} Qxf4+ {[%emt 0:00:18]} 61. Nxf4 {[%emt 0:00:00]} Ne3 {[%emt 0:00:47]} 62. f6 {[%emt 0:00:04]} Nf5+ {[%emt 0:00:05]} 63. Kg5 {[%emt 0:00:03]} Nd6 {[%emt 0:00:01]} 64. Kg6 {[%emt 0:00:38]} Ke3 {[%emt 0:00:07]} 65. Nd5+ {[%emt 0:00:20]} Ke4 {[%emt 0:00:10]} 66. Ne7 {[%emt 0:00:00]} Ke5 {[%emt 0:00:17]} 67. Nc6+ {[%emt 0:00:01]} Ke6 {[%emt 0:00:04]} 68. Nd4+ {[%emt 0:00:01]} Ke5 {[%emt 0:00:10]} 69. Nf3+ {[%emt 0:00:01]} Ke6 {[%emt 0:00:01]} 70. Ng5+ {[%emt 0:00:01]} Kd7 {[%emt 0:00:01]} 71. Nf7 {[%emt 0:00:06]} Ne4 {[%emt 0:00:04]} 72. Ne5+ {[%emt 0:00:01]} Ke8 {[%emt 0:00:05]} 73. f7+ {[%emt 0:00:01]} Kf8 {[%emt 0:00:02]} 74. Nd7+ {[%emt 0:00:01]} Ke7 {[%emt 0:00:02]} 75. f8=Q+ {[%emt 0:00:01]} Kxd7 {[%emt 0:00:01]} 76. Qf5+ {[%emt 0:00:01]} Kd6 {[%emt 0:00:02]} 77. Qxe4 {[%emt 0:00:01] Sadbat1122 resigns Sadbat1122 resigns Sadbat1122 resigns (Lag: Av=1.38s, max=5.5s) (Lag: Av=1.38s, max=5.5s) (Lag: Av=1.38s, max=5.5s)} 1-0

[Event "Stay Safe Play From Home slow tournament"]
[Site "Emanuel Lasker Arena"]
[Date "2020.08.29"]
[Round "3"]
[White "Roefe Detlef"]
[Black "Dave_H"]
[Result "1/2-1/2"]
[WhiteElo "1855"]
[BlackElo "1867"]
[Annotator "NA"]
[PlyCount "131"]
[EventDate "2020.08.29"]
[EventType "swiss (rapid)"]
[BlackTeam "SK Vellmar"]

{- Halt, David (2088)} 1. d4 {[%emt 0:01:35]} f5 {[%emt 0:00:06]} 2. c4 {[%emt 0:00:02]} Nf6 {[%emt 0:00:04]} 3. g3 {[%emt 0:00:01]} g6 {[%emt 0:00:02]} 4. Bg2 {[%emt 0:00:01]} d6 {[%emt 0:00:02]} 5. Nc3 {[%emt 0:00:01]} Bg7 {[%emt 0:00:02]} 6. e3 {[%emt 0:00:01]} O-O {[%emt 0:00:05]} 7. Nge2 {[%emt 0:00:02]} c6 {[%emt 0:00:02]} 8. O-O {[%emt 0:00:02]} Qc7 {[%emt 0:00:04]} 9. Qc2 {[%emt 0:00:06]} e5 {[%emt 0:00:03]} 10. dxe5 {[%emt 0:00:06]} dxe5 {[%emt 0:00:00]} 11. e4 {[%emt 0:00:01]} Na6 {[%emt 0:00:12]} 12. a3 {[%emt 0:00:07]} Be6 {[%emt 0:00:02]} 13. exf5 {[%emt 0:00:07]} gxf5 {[%emt 0:00:03]} 14. b3 {[%emt 0:00:07]} Nc5 {[%emt 0:00:16]} 15. Bb2 {[%emt 0:00:04]} Rad8 {[%emt 0:00:03]} 16. Rad1 {[%emt 0:00:02]} a5 {[%emt 0:00:40]} 17. b4 {[%emt 0:00:03]} axb4 {[%emt 0:00:03]} 18. axb4 {[%emt 0:00:01]} Na6 {[%emt 0:00:31]} 19. b5 {[%emt 0:00:04]} Nb4 {[%emt 0:00:17]} 20. Qb3 {[%emt 0:00:03]} Nd3 {[%emt 0:00:59]} 21. Ba1 {[%emt 0:00:10]} e4 {[%emt 0:00:52]} 22. Nf4 {[%emt 0:00:06]} Bf7 {[%emt 0:00:03]} 23. Nxd3 {[%emt 0:00:11]} Rxd3 {[%emt 0:00:17]} 24. Rxd3 {[%emt 0:00:03]} exd3 {[%emt 0:00:02]} 25. bxc6 {[%emt 0:00:05]} bxc6 {[%emt 0:00:03]} 26. Nd1 {[%emt 0:00:09]} Rd8 {[%emt 0:00:10]} 27. Ne3 {[%emt 0:00:06]} Be6 {[%emt 0:00:32]} 28. Rd1 {[%emt 0:00:17]} Ne4 {[%emt 0:01:40]} 29. Bxg7 {[%emt 0:00:15]} Qxg7 {[%emt 0:00:26]} 30. Rxd3 {[%emt 0:00:04]} Qa1+ {[%emt 0:00:41]} 31. Bf1 {[%emt 0:00:08]} Rxd3 {[%emt 0:00:24]} 32. Qxd3 {[%emt 0:00:05]} Qb2 {[%emt 0:00:26]} 33. Qe2 {[%emt 0:00:08]} Qxe2 {[%emt 0:01:29]} 34. Bxe2 {[%emt 0:00:04]} Kf7 {[%emt 0:00:14]} 35. Bd3 {[%emt 0:00:05]} Kf6 {[%emt 0:00:12]} 36. Bxe4 {[%emt 0:00:01]} fxe4 {[%emt 0:00:03]} 37. Kf1 {[%emt 0:00:05]} Ke5 {[%emt 0:00:06]} 38. Ke2 {[%emt 0:00:13]} Kd4 {[%emt 0:00:02]} 39. f4 {[%emt 0:00:07]} exf3+ {[%emt 0:00:19]} 40. Kxf3 {[%emt 0:00:02]} Bxc4 {[%emt 0:00:03]} 41. Kf4 {[%emt 0:00:10]} Bd3 {[%emt 0:00:07]} 42. h4 {[%emt 0:00:02]} h5 {[%emt 0:00:31]} 43. g4 {[%emt 0:00:05]} hxg4 {[%emt 0:00:03]} 44. Nxg4 {[%emt 0:00:01]} c5 {[%emt 0:00:06]} 45. Ne3 {[%emt 0:00:03]} Bh7 {[%emt 0:00:07]} 46. h5 {[%emt 0:00:04]} Kd3 {[%emt 0:00:08]} 47. h6 {[%emt 0:00:03]} Kd4 {[%emt 0:00:17]} 48. Nf5+ {[%emt 0:00:12]} Kd3 {[%emt 0:00:02]} 49. Ne3 {[%emt 0:00:10]} Kd4 {[%emt 0:00:02] Roefe Detlef bietet Remis Roefe Detlef bietet Remis Roefe Detlef bietet Remis} 50. Nf5+ {[%emt 0:00:27]} Kd5 {[%emt 0:00:03]} 51. Ne3+ {[%emt 0:00:16]} Ke6 {[%emt 0:00:03]} 52. Kg5 {[%emt 0:00:03]} Ke5 {[%emt 0:00:04]} 53. Ng4+ {[%emt 0:00:05]} Kd4 {[%emt 0:00:06]} 54. Nf6 {[%emt 0:00:04]} Bd3 {[%emt 0:00:06]} 55. h7 {[%emt 0:00:25]} Bxh7 {[%emt 0:00:08]} 56. Nxh7 {[%emt 0:00:00]} c4 {[%emt 0:00:03]} 57. Nf8 {[%emt 0:00:01]} c3 {[%emt 0:00:14]} 58. Ne6+ {[%emt 0:00:03]} Kc4 {[%emt 0:00:04]} 59. Nf4 {[%emt 0:00:05]} c2 {[%emt 0:00:10]} 60. Ne2 {[%emt 0:00:02]} Kd3 {[%emt 0:00:02]} 61. Nc1+ {[%emt 0:00:01]} Kd2 {[%emt 0:00:03]} 62. Nb3+ {[%emt 0:00:01]} Kc3 {[%emt 0:00:04]} 63. Nc1 {[%emt 0:00:04]} Kb2 {[%emt 0:00:01]} 64. Nd3+ {[%emt 0:00:02]} Kb1 {[%emt 0:00:05]} 65. Kf4 {[%emt 0:00:02]} c1=Q+ {[%emt 0:00:01]} 66. Nxc1 {[%emt 0:00:02] (Lag: Av=0.27s, max=0.4s) (Lag: Av=0.27s, max=0.4s) (Lag: Av=0.27s, max=0.4s)} 1/2-1/2

[Event "Stay Safe Play From Home slow tournament"]
[Site "Emanuel Lasker Arena"]
[Date "2020.08.29"]
[Round "3"]
[White "Ulff"]
[Black "Buff"]
[Result "1-0"]
[WhiteElo "1846"]
[BlackElo "1786"]
[Annotator "NA"]
[PlyCount "55"]
[EventDate "2020.08.29"]
[EventType "swiss (rapid)"]

1. e4 {[%emt 0:00:07]} e5 {[%emt 0:00:05]} 2. Nf3 {[%emt 0:00:04]} Nc6 {[%emt 0:00:01]} 3. Bb5 {[%emt 0:00:04]} a6 {[%emt 0:00:02]} 4. Ba4 {[%emt 0:00:07]} Nf6 {[%emt 0:00:02]} 5. O-O {[%emt 0:00:04]} b5 {[%emt 0:00:01]} 6. Bb3 {[%emt 0:00:02]} Be7 {[%emt 0:00:01]} 7. Re1 {[%emt 0:00:07]} d6 {[%emt 0:00:04]} 8. c3 {[%emt 0:00:07]} Na5 {[%emt 0:00:03]} 9. Bc2 {[%emt 0:00:03]} c5 {[%emt 0:00:01]} 10. h3 {[%emt 0:00:03]} O-O {[%emt 0:00:10]} 11. d4 {[%emt 0:00:02]} cxd4 {[%emt 0:00:02]} 12. cxd4 {[%emt 0:00:03]} Qc7 {[%emt 0:00:01]} 13. Nbd2 {[%emt 0:00:09]} Bd7 {[%emt 0:00:08]} 14. Nf1 {[%emt 0:00:10]} Rac8 {[%emt 0:00:11]} 15. Bb1 {[%emt 0:00:07]} h6 {[%emt 0:00:13]} 16. g4 {[%emt 0:00:33]} Nh7 {[%emt 0:01:22]} 17. Ng3 {[%emt 0:02:15]} Nc4 {[%emt 0:00:52]} 18. Nf5 {[%emt 0:01:44]} Bxf5 {[%emt 0:00:28]} 19. exf5 {[%emt 0:01:00]} Ng5 {[%emt 0:00:43]} 20. Nxg5 {[%emt 0:04:21]} Bxg5 {[%emt 0:00:00]} 21. Bxg5 {[%emt 0:01:13]} hxg5 {[%emt 0:00:00]} 22. f6 {[%emt 0:00:09]} g6 {[%emt 0:00:52]} 23. Qc1 {[%emt 0:00:33]} Kh7 {[%emt 0:02:40]} 24. Qxg5 {[%emt 0:00:39]} Rh8 {[%emt 0:00:10]} 25. Bf5 {[%emt 0:00:22]} Nd2 {[%emt 0:01:17]} 26. Qxd2 {[%emt 0:00:37]} gxf5 {[%emt 0:00:04]} 27. Qg5 {[%emt 0:00:04]} Rcg8 {[%emt 0:00:09]} 28. Qh5# {[%emt 0:00:23] (Lag: Av=0.78s, max=1.5s) (Lag: Av=0.78s, max=1.5s) (Lag: Av=0.78s, max=1.5s)} 1-0

[Event "Stay Safe Play From Home slow tournament"]
[Site "Emanuel Lasker Arena"]
[Date "2020.08.29"]
[Round "3"]
[White "Watchel"]
[Black "Emine Yanik"]
[Result "1/2-1/2"]
[WhiteElo "1818"]
[BlackElo "1620"]
[Annotator "NA"]
[PlyCount "74"]
[EventDate "2020.08.29"]
[EventType "swiss (rapid)"]

1. c4 {[%emt 0:00:07]} f5 {[%emt 0:00:07]} 2. d4 {[%emt 0:00:05]} e6 {[%emt 0:00:05]} 3. Nc3 {[%emt 0:00:03]} d5 {[%emt 0:00:05]} 4. g3 {[%emt 0:00:13]} c6 {[%emt 0:00:08]} 5. cxd5 {[%emt 0:00:03]} exd5 {[%emt 0:00:02]} 6. Bg2 {[%emt 0:00:01]} Bd6 {[%emt 0:00:04]} 7. Nh3 {[%emt 0:00:06]} Nf6 {[%emt 0:00:16]} 8. Bf4 {[%emt 0:00:06]} O-O {[%emt 0:00:22]} 9. O-O {[%emt 0:00:02]} Na6 {[%emt 0:00:20]} 10. e3 {[%emt 0:00:11]} Nc7 {[%emt 0:00:17]} 11. Bxd6 {[%emt 0:00:07]} Qxd6 {[%emt 0:00:02]} 12. Nf4 {[%emt 0:00:01]} Ne6 {[%emt 0:00:14]} 13. Nd3 {[%emt 0:00:05]} Ng5 {[%emt 0:00:52]} 14. a3 {[%emt 0:00:45]} b6 {[%emt 0:00:45]} 15. Rc1 {[%emt 0:00:05]} Bd7 {[%emt 0:00:06]} 16. b4 {[%emt 0:00:04]} Be8 {[%emt 0:00:15]} 17. Ne5 {[%emt 0:00:04]} Bh5 {[%emt 0:00:21]} 18. Qa4 {[%emt 0:00:10]} b5 {[%emt 0:00:32]} 19. Qb3 {[%emt 0:00:07]} Ng4 {[%emt 0:00:18]} 20. Nd3 {[%emt 0:00:17]} Nf6 {[%emt 0:00:21]} 21. Nf4 {[%emt 0:00:18]} Bf3 {[%emt 0:00:25]} 22. Nd3 {[%emt 0:00:43]} Nfe4 {[%emt 0:00:31]} 23. Rc2 {[%emt 0:00:22]} Rae8 {[%emt 0:02:31]} 24. Ne5 {[%emt 0:00:13]} Bxg2 {[%emt 0:00:07]} 25. Kxg2 {[%emt 0:00:03]} Nf7 {[%emt 0:00:55]} 26. Nxe4 {[%emt 0:00:14]} fxe4 {[%emt 0:00:07]} 27. Rxc6 {[%emt 0:00:11]} Qd8 {[%emt 0:00:01]} 28. Nxf7 {[%emt 0:00:34]} Rxf7 {[%emt 0:00:05]} 29. Rfc1 {[%emt 0:00:06]} Ref8 {[%emt 0:00:06]} 30. R1c2 {[%emt 0:00:08]} Qg5 {[%emt 0:00:10]} 31. Rd6 {[%emt 0:00:22]} Rf5 {[%emt 0:00:25]} 32. Qa2 {[%emt 0:00:14]} Qg4 {[%emt 0:00:05]} 33. Rxd5 {[%emt 0:00:07]} Qf3+ {[%emt 0:00:07]} 34. Kg1 {[%emt 0:00:05]} Qd1+ {[%emt 0:00:07]} 35. Kg2 {[%emt 0:00:01]} Qf3+ {[%emt 0:00:04]} 36. Kg1 {[%emt 0:00:28]} Qd1+ {[%emt 0:00:10]} 37. Kg2 {[%emt 0:00:08]} Qf3+ {[%emt 0:00:02] (Lag: Av=0.39s, max=0.8s) (Lag: Av=0.39s, max=0.8s) (Lag: Av=0.39s, max=0.8s)} 1/2-1/2

[Event "Stay Safe Play From Home slow tournament"]
[Site "Emanuel Lasker Arena"]
[Date "2020.08.29"]
[Round "3"]
[White "Amitm55"]
[Black "Marcus Wolters"]
[Result "0-1"]
[WhiteElo "1741"]
[BlackElo "1749"]
[Annotator "NA"]
[PlyCount "144"]
[EventDate "2020.08.29"]
[EventType "swiss (rapid)"]

1. e4 {[%emt 0:00:05]} d5 {[%emt 0:00:02]} 2. exd5 {[%emt 0:00:04]} Qxd5 {[%emt 0:00:02]} 3. Nc3 {[%emt 0:00:03]} Qa5 {[%emt 0:00:06]} 4. d4 {[%emt 0:00:07]} Nf6 {[%emt 0:00:03]} 5. Bd2 {[%emt 0:00:06]} c6 {[%emt 0:00:01]} 6. Nf3 {[%emt 0:00:04]} Bg4 {[%emt 0:00:03]} 7. Be2 {[%emt 0:00:02]} Nbd7 {[%emt 0:00:07]} 8. Ne4 {[%emt 0:00:14]} Qc7 {[%emt 0:00:10]} 9. h3 {[%emt 0:00:15]} Bh5 {[%emt 0:00:03]} 10. Nxf6+ {[%emt 0:00:05]} Nxf6 {[%emt 0:00:08]} 11. g4 {[%emt 0:00:12]} Bg6 {[%emt 0:00:02]} 12. Ne5 {[%emt 0:00:08]} Be4 {[%emt 0:00:29]} 13. Bf3 {[%emt 0:00:21]} e6 {[%emt 0:00:19]} 14. Bxe4 {[%emt 0:00:11]} Nxe4 {[%emt 0:00:04]} 15. Qe2 {[%emt 0:00:02]} Nf6 {[%emt 0:00:10]} 16. g5 {[%emt 0:00:03]} Nd5 {[%emt 0:00:07]} 17. h4 {[%emt 0:00:24]} Bd6 {[%emt 0:00:20]} 18. Nc4 {[%emt 0:00:39]} Bf4 {[%emt 0:00:34]} 19. O-O-O {[%emt 0:02:08]} O-O-O {[%emt 0:00:25]} 20. Qg4 {[%emt 0:00:18]} Bxd2+ {[%emt 0:00:26]} 21. Nxd2 {[%emt 0:00:11]} Qf4 {[%emt 0:00:13]} 22. Qe2 {[%emt 0:00:32]} Nb4 {[%emt 0:00:55]} 23. Kb1 {[%emt 0:00:06]} Rxd4 {[%emt 0:01:53]} 24. c3 {[%emt 0:01:53]} Qf5+ {[%emt 0:00:03]} 25. Ka1 {[%emt 0:00:05]} Nc2+ {[%emt 0:00:16]} 26. Kb1 {[%emt 0:00:30]} Rf4 {[%emt 0:03:13]} 27. Kc1 {[%emt 0:02:29]} Rxf2 {[%emt 0:00:10]} 28. Rhf1 {[%emt 0:00:53]} Rxe2 {[%emt 0:00:36]} 29. Rxf5 {[%emt 0:00:04]} Ne3 {[%emt 0:00:34]} 30. Rxf7 {[%emt 0:00:09]} Nxd1 {[%emt 0:00:16]} 31. Kxd1 {[%emt 0:00:03]} Rh2 {[%emt 0:00:10]} 32. Nf3 {[%emt 0:00:09]} Rd8+ {[%emt 0:00:20]} 33. Ke1 {[%emt 0:00:20]} Rh3 {[%emt 0:00:51]} 34. Kf2 {[%emt 0:00:36]} Rd7 {[%emt 0:01:22]} 35. Rf8+ {[%emt 0:00:09]} Kc7 {[%emt 0:00:03]} 36. Kg2 {[%emt 0:00:02]} Rxf3 {[%emt 0:00:17]} 37. Kxf3 {[%emt 0:00:02]} g6 {[%emt 0:00:03]} 38. Ke4 {[%emt 0:00:04]} Kd6 {[%emt 0:00:19]} 39. b4 {[%emt 0:00:03]} b5 {[%emt 0:00:16]} 40. a3 {[%emt 0:00:26]} Ke7 {[%emt 0:00:16]} 41. Rf1 {[%emt 0:00:08]} Rd2 {[%emt 0:00:08]} 42. Rf6 {[%emt 0:00:37]} Re2+ {[%emt 0:00:17]} 43. Kd4 {[%emt 0:00:08]} Rh2 {[%emt 0:00:17]} 44. Rf4 {[%emt 0:00:12]} Ra2 {[%emt 0:00:15]} 45. Kc5 {[%emt 0:00:05]} Rxa3 {[%emt 0:00:03]} 46. Kxc6 {[%emt 0:00:02]} Rxc3+ {[%emt 0:00:06]} 47. Kxb5 {[%emt 0:00:02]} e5 {[%emt 0:00:11]} 48. Re4 {[%emt 0:00:07]} Ke6 {[%emt 0:00:02]} 49. Ka6 {[%emt 0:00:10]} Ra3+ {[%emt 0:00:07]} 50. Kb7 {[%emt 0:00:03]} Kf5 {[%emt 0:00:09]} 51. Rc4 {[%emt 0:00:08]} e4 {[%emt 0:00:06]} 52. b5 {[%emt 0:00:09]} e3 {[%emt 0:00:04]} 53. Rc5+ {[%emt 0:00:07]} Ke4 {[%emt 0:00:14]} 54. Rc4+ {[%emt 0:00:07]} Kd3 {[%emt 0:00:05]} 55. Rc1 {[%emt 0:00:20]} Kd2 {[%emt 0:00:06]} 56. Rh1 {[%emt 0:00:06]} e2 {[%emt 0:00:32]} 57. h5 {[%emt 0:00:07]} e1=Q {[%emt 0:00:04]} 58. Rxe1 {[%emt 0:00:02]} Kxe1 {[%emt 0:00:02]} 59. hxg6 {[%emt 0:00:03]} hxg6 {[%emt 0:00:03]} 60. b6 {[%emt 0:00:07]} axb6 {[%emt 0:00:02]} 61. Kxb6 {[%emt 0:00:01]} Rg3 {[%emt 0:00:01]} 62. Kc5 {[%emt 0:00:04]} Rxg5+ {[%emt 0:00:02]} 63. Kd4 {[%emt 0:00:01]} Kf2 {[%emt 0:00:02]} 64. Ke4 {[%emt 0:00:02]} Kg3 {[%emt 0:00:02]} 65. Ke3 {[%emt 0:00:07]} Rg4 {[%emt 0:00:01]} 66. Ke2 {[%emt 0:00:03]} Kf4 {[%emt 0:00:02]} 67. Kf2 {[%emt 0:00:02]} Rg3 {[%emt 0:00:03]} 68. Kf1 {[%emt 0:00:07]} Kf3 {[%emt 0:00:04]} 69. Ke1 {[%emt 0:00:06]} Rg2 {[%emt 0:00:02]} 70. Kf1 {[%emt 0:00:02]} Ra2 {[%emt 0:00:02]} 71. Kg1 {[%emt 0:00:12]} Rb2 {[%emt 0:00:06]} 72. Kh1 {[%emt 0:00:09]} Kg3 {[%emt 0:00:02] Amitm55 resigns Amitm55 resigns Amitm55 resigns} 0-1